Datum a čas kvízu
25
Celkem bodů
Celkový počet nahraných bodů na tomto kvízu bez doplňovacích otázek.
4.
Pořadí na kvízu
Konečné umístění týmu na tomto kvízu.
Zaznamenané odpovědi
| # | Otázka | Odpověď | Body | Výsledky |
|---|---|---|---|---|
| 1. | Kolik korun měl stát podle slo... | 15 000 Kč | 1 | |
| 2. | Kterým dvěma politikům praskla... | Andrej Babiš, Emmanuel Macron | 1 | |
| 3. | Fotografií roku 2025 se v sout... | A) konec hlubinné těžby uhlí na Ostravsku | 1 | |
| 4. | Minulý týden se měnilo pořadí... | Michal Strnad | 1 | |
| 5. | Ve kterém sportu povede nově č... | A | 1 | |
| 6. | Jak se jmenuje horolezec, jenž... | Radek Jaroš | 1 | |
| 7. | Jak se trojslovně jmenuje tato... | lezení na rychlost | 0 | |
| 8. | Jak se jedním slovem nazývá ho... | mačky | 1 | |
| 9. | Za půl bodu napište jméno ikon... | Matterhorn, Švýcarsko a Itálie | 1 | |
| 10. | Jak se jmenuje fenomenální slo... | B) Janja Garnbret | 0 |